| 000 | 01629nam0a2200301 i 4500 | ||
|---|---|---|---|
| 001 | RU\NLR\bibl\584524 | ||
| 005 | 20240921005634.0 | ||
| 035 | _a(NLR Aleph) 000576510 | ||
| 090 |
_a1625487 _c1625487 |
||
| 100 | _a20041217d2002 |||y0rusy50 ca | ||
| 101 | 0 | _arus | |
| 102 | _aRU | ||
| 105 | _ay dm ||||| | ||
| 135 | _acrgn 008aaaba | ||
| 200 | 1 |
_aКлинико-патогенетическое обоснование гепаторенальных поражений у больных лептоспирозом _e(диагностика, прогноз, принципы лечения) _eАвтореф. дис. на соиск. учен. степ. д.м.н. _eСпец. 14.00.10 _fЖукова Лариса Ивановна _g[Кубан. гос. мед. акад.] |
|
| 210 |
_aСПб. _d2002 |
||
| 215 |
_a34 с. _d21 |
||
| 320 | _aБиблиогр.: с. 33-34 (22 назв.) | ||
| 325 | _aКопия доступна в Электрон. б-ке РНБ | ||
| 686 |
_a14.00.10 _2oksvnk |
||
| 700 | 1 |
_4070 _7ca _8rus _aЖукова _bЛ. И. _cд-р мед. наук, инфекционные болезни _gЛариса Ивановна _9234260 _3RU\NLR\AUTH\770234316 |
|
| 801 | 0 |
_aRU _bNLR _c20041217 _gPSBO |
|
| 801 | 1 |
_aRU _bNLR _c20041217 |
|
| 901 | _eАвторефераты | ||
| 942 | _cBOOK | ||
| 981 | 1 | 0 |
_a(10) Авторефераты _b(10) 14.00.00 Медицинские науки _b14.01.00 Клиническая медицина _b14.01.09 Инфекционные болезни |